| 000 | 01037nam a2200397 a 4500 | ||
|---|---|---|---|
| 003 | AR-BaBNM | ||
| 005 | 20251128205148.0 | ||
| 008 | 082120s2002 ||||||||||||||000 | spa|| | ||
| 020 | _a950-21-0940-6 | ||
| 040 | _cAR-BaBNM | ||
| 245 | 0 | 0 | _aHistoria del sudoeste bonaerense |
| 260 |
_aBuenos Aires _bPlus Ultra _c1988 |
||
| 300 |
_a328 p. _bgráfs., mapas, tablas, il. |
||
| 504 | _aContiene bibliografía | ||
| 650 | 4 | _aHISTORIA | |
| 650 | 4 | _aGEOGRAFIA | |
| 650 | 4 | _aHISTORIA DE BUENOS AIRES | |
| 650 | 4 | _aGEOGRAFIA FISICA | |
| 650 | 4 | _aGEOGRAFIA HISTORICA | |
| 650 | 4 | _aGEOGRAFIA HUMANA | |
| 650 | 4 | _aINMIGRACION | |
| 650 | 4 | _aPOBLACION | |
| 650 | 4 | _aHISTORIA SOCIAL | |
| 650 | 4 | _aHISTORIA POLITICA | |
| 650 | 4 | _aSOCIEDAD | |
| 650 | 4 | _aPREHISTORIA | |
| 650 | 4 | _aABORIGENES ARGENTINOS | |
| 650 | 4 | _aCULTURA | |
| 650 | 4 | _aEDUCACION | |
| 650 | 4 | _aECONOMIA | |
| 651 | 4 | _aBuenos Aires [Provincia] | |
| 651 | 4 | _aBahía Blanca | |
| 700 | 1 |
_aWeinberg, Félix _edirector |
|
| 942 | _cBK | ||
| 998 | _cEnrique | ||
| 999 |
_c10246 _d10246 |
||